Najlepsi Polscy Strzelcy W Historii Ligi Mistrzów - Statystyki

Ogólne statystyki
  • Ten quiz został rozwiązany 91 razy
  • Średni wynik to 4 z 21
Statystyki odpowiedzi
Liczba Bramek Zawodnik % Poprawnych
105 Robert Lewandowski
100%
10 Arkadiusz Milik
88%
7 Piotr Zieliński
77%
9 Krzysztof Warzycha
34%
4 Kazimierz Deyna
31%
15 Włodzimierz Lubański
26%
11 Ernest Pohl
9%
5 Robert Gadocha
9%
5 Lucjan Brychczy
8%
4 Jacek Dembiński
6%
4 Jan Urban
6%
5 Jerzy Podbrożny
6%
4 Kazimierz Kmiecik
4%
4 Mirosław Tłokiński
4%
5 Bronisław Bula
3%
4 Jan Benigier
3%
5 Jan Pieszko
3%
6 Jerzy Musialek
3%
7 Zygfryd Szoltysik
3%
4 Erwin Wilczek
1%
4 Władysław Stachurski
1%
Nie znaleziono quizów pasujących do podanych kryteriów
Rozkład punktacji
Procent ludzi z każdym wynikiem
Percentyl według liczby udzielonych odpowiedzi
Twoja historia wyników
Nie rozwiązałeś tego quizu